Metalografía T.2

Bibliographic Details
Main Author: Guliáev, A.P.
Format: Section = Libro
Language:Undetermined
Spanish
Published: Moscú Mir Moscú 1978
Subjects:
LEADER 00416nam a2200169Ia 4500
008 240829s9999 xx 000 0 und d
040 |a BIBLIOTECA-RUPAP 669.95 G971 
041 |a spa 
082 |a 669.95 G971 
100 1 |a Guliáev, A.P. 
245 1 0 |a Metalografía T.2 
260 |a Moscú  |b Mir Moscú  |c 1978 
300 |a 296 p. :il. 
650 7 |a METALURGIA. I. Tít. 
942 |c BK  |2 ddc 
991 |a TEXTO 
999 |c 10250